| 000 | 00717nam a2200217 a 4500 | ||
|---|---|---|---|
| 001 | 000024017 | ||
| 005 | 20260302075941.0 | ||
| 008 | 110118s2010 dr 000 0bspa d | ||
| 020 | _a9789945872958 | ||
| 040 |
_aDO-SdBNP _bspa _cBNPHU |
||
| 082 |
_a923.77293 _bA185S |
||
| 100 |
_aAcosta, Pilar _949358 |
||
| 245 | 1 | 0 |
_aSalomé Ureña para jóvenes / _cPilar Acosta. |
| 260 |
_aSanto Domingo : _bBúho, _c2010. |
||
| 300 |
_a87 p. ; _c22 cm. |
||
| 500 | _aIncluye referencias bibliográficas y notas al pie de las páginas. | ||
| 504 | _aBibliografía : p. 85-87 | ||
| 590 | _aInventariado, 2020/VM | ||
| 600 | 1 | 0 |
_aUreña de Henríquez, Salomé , _d1850-1897 _9920 |
| 910 | _aValidado. Control de calidad MMOLINA | ||
| 999 |
_c23512 _d23512 |
||